|
|
|
|
| LEADER |
00000nam a2200000Ii 4500 |
| 001 |
DIGULZM0031 |
| 003 |
NyNyDIG |
| 006 |
m o d |
| 007 |
cr ||||||||||| |
| 008 |
240108s2012 sp a o 000 f spa d |
| 035 |
|
|
|a (OCoLC)1417821203
|
| 040 |
|
|
|a DGITA
|b eng
|e rda
|e pn
|c DGITA
|
| 020 |
|
|
|a 9788494028632
|q eBook
|
| 020 |
|
|
|z 9788494028618
|
| 050 |
1 |
4 |
|a PQ8550.26.E59 ebook
|
| 100 |
1 |
|
|a Pérez, Carlos Ildemar,
|d 1964-
|e author.
|
| 245 |
1 |
0 |
|a Estrictis de la muchacha más cercana /
|c Carlos Ildemar Pérez.
|
| 264 |
|
1 |
|a Sevilla (España) :
|b Grupo Palimpsesto 2.0,
|c [2012]
|
| 250 |
|
|
|a 2a edición, 1a en esta colección.
|
| 300 |
|
|
|a 1 online resource :
|b illustrations.
|
| 336 |
|
|
|a text
|b txt
|2 rdacontent
|
| 337 |
|
|
|a computer
|b c
|2 rdamedia
|
| 338 |
|
|
|a online resource
|b cr
|2 rdacarrier
|
| 347 |
|
|
|a text file
|2 rdaft
|
| 347 |
|
|
|b EPUB
|
| 490 |
1 |
|
|a Colección de_Sastre ;
|v 2
|
| 588 |
0 |
|
|a Online resource; title from ePub title page (Digitalia, viewed January 8, 2024)
|
| 655 |
|
7 |
|a Fiction.
|2 lcgft
|
| 791 |
2 |
|
|a Digitalia (Firm),
|e distributor.
|
| 793 |
0 |
|
|g Digitalia eBook Collection:
|a Ulzama
|
| 776 |
0 |
8 |
|i Print version:
|a Pérez, Carlos Ildemar, 1964-
|t Estrictis de la muchacha más cercana.
|d Sevilla (España) : Grupo Palimpsesto 2.0, [2012]
|z 9788494028618
|
| 830 |
|
0 |
|a Colección de_Sastre ;
|v 2.
|
| 856 |
4 |
0 |
|3 Digitalia Hispánica
|u https://www.digitaliapublishing.com/a/88727/
|
| 910 |
|
|
|a Premium collection: 2024
|